| 000 | 00674nam a2200193Ia 4500 | ||
|---|---|---|---|
| 999 |
_c36442 _d36442 |
||
| 001 | 2357 | ||
| 003 | GE_BSU | ||
| 005 | 20221027104644.0 | ||
| 008 | 181216s2010tu xx |||||||||||||| ||tur|| | ||
| 040 | _cGE_BSU | ||
| 041 | _atur | ||
| 080 | _a327(560) T-95 | ||
| 245 |
_aTurkish Foreigh Policy. 1919-2006 : _bFacts and Analises with Documents |
||
| 264 | _c2010. | ||
| 300 | _a968 c.: | ||
| 653 | _aTurkish Foreigh Policy. 1919-2006 Facts and Analises with Documents | ||
| 653 | _aთურქეთის საგარეო პოლიტიკა. 1919-2006 ფაქტები და ანალიზი დოკუმენტებით | ||
| 942 |
_cBK _2udc |
||